| 000 | 01611nam a2200229 a 4500 | ||
|---|---|---|---|
| 001 | 000012558 | ||
| 005 | 20240826124700.0 | ||
| 008 | 091130s200u dr acd 000 0 spa d | ||
| 040 |
_aDO-SdBNP _bspa _cBNPHU |
||
| 082 |
_axxxx _bxxxx |
||
| 100 |
_aPeña Geraldino, Rafael _91257 |
||
| 245 | 1 | 0 |
_aMatemática I : _beducación media / _cRafael Peña Geraldino ; coodinación general, asesoria y edición José Molinaza ; presentación Alejandrina Germán. |
| 250 | _a2a. ed. | ||
| 260 |
_aSanto Domingo : _bSEE _bAlfa & Omega, _c[200-]. |
||
| 300 |
_a227 p. : _bil., retrs., diagr. ; _c28 cm. |
||
| 500 | _aGestión educativa 2004-2008 | ||
| 500 | _aEducación media. Primer grado / Primer ciclo | ||
| 504 | _aIncluye referencias bibliográficas y notas al pie de las páginas | ||
| 505 | 0 |
_gCapítulo I -- _tLogíca -- _gCapítulo II -- _tConjuntos _tOperaciones de conjuntos -- _gCapítulo III -- _tConceptos algebraicos -- _tOperaciones algebraicas -- _tProductos notables -- _tCocientes notables -- _gCapítulo IV -- _tFactorización -- _tPotenciación -- _tRadicación -- _gCapítulo V -- _tMáximo común divisor -- _tMínimo común múltiplo -- _tFracciones algebraicas -- _gCapítulo VI -- _tConjuntos numéricos -- _tIntervalos -- _tDesigualdades -- _tValor absoluto -- _gCapítulo VII -- _tElementos geométricos -- _tRecta -- _tPlano -- _tÁngulo -- _gCapítulo VIII -- _tEcuaciones -- _tInecuaciones -- _gCapítulo IX -- _tNúmeros imaginarios -- _tNúmeros complejos -- _gCapítulo X -- _tEstadísticas -- _tProbabilidades -- |
|
| 700 | 1 |
_aMolinaza, José, _ecoord., ed. _925720 |
|
| 710 | 1 |
_aSecretaría de Estado de Educación _912759 |
|
| 999 |
_c12213 _d12213 |
||